000 00243nam a22000857a 4500
008 161126b xxu||||| |||| 00| 0 eng d
100 _91465
_aYoung Learners
245 _aLittle Red Riding hood
260 _aNew Delhi
_bYoung Learners publication
_c2011
999 _c4186
_d4186